[Event "SK Gries-SK Ehrenburg"]
[Site "?"]
[Date "2013.10.26"]
[Round "1.2"]
[White "Spornberger, Andre"]
[Black "Flatscher, Tobias"]
[Result "1/2-1/2"]
[WhiteElo "2121"]
[BlackElo "1781"]
[PlyCount "32"]
[EventDate "2013.??.??"]

1. e4 d6 2. d4 Nf6 3. Nc3 e5 4. Nf3 Nbd7 5. h3 Be7 6. Be3 h6 7. Be2 O-O 8. O-O
exd4 9. Nxd4 Nc5 10. Bf3 Nfd7 11. Re1 Ne5 12. Nd5 c6 13. Nxe7+ Qxe7 14. Nf5
Bxf5 15. exf5 Nxf3+ 16. Qxf3 Qf6 1/2-1/2

[Event "SK Gries-SK Ehrenburg"]
[Site "?"]
[Date "2013.10.26"]
[Round "1.1"]
[White "Hengl, Christian"]
[Black "Spornberger, Maximilian"]
[Result "1/2-1/2"]
[WhiteElo "2183"]
[BlackElo "2257"]
[PlyCount "36"]
[EventDate "2013.??.??"]

1. e4 e6 2. d4 d5 3. Nd2 Nf6 4. e5 Nfd7 5. Bd3 c5 6. c3 Nc6 7. Ndf3 cxd4 8.
cxd4 f6 9. exf6 Nxf6 10. Nh3 Bd6 11. O-O Qc7 12. Re1 O-O 13. Nhg5 Nd8 14. Bd2
h6 15. Rc1 Qb6 16. Nh3 Nc6 17. Bc3 Ng4 18. Bb1 Qc7 1/2-1/2

[Event "SK Gries-SK Ehrenburg"]
[Site "?"]
[Date "2013.10.26"]
[Round "1.3"]
[White "Mairhofer, Rene"]
[Black "Fongarolli, Diego"]
[Result "1/2-1/2"]
[WhiteElo "1647"]
[BlackElo "1950"]
[PlyCount "67"]
[EventDate "2013.??.??"]

1. e4 c5 2. Nf3 d6 3. d4 cxd4 4. Nxd4 Nf6 5. Nc3 a6 6. Bg5 e6 7. f4 Be7 8. Qf3
Qc7 9. O-O-O Nbd7 10. Rg1 b5 11. Bd3 b4 12. Na4 Bb7 13. g4 Qa5 14. b3 Nc5 15.
f5 Nxa4 16. bxa4 e5 17. Bxf6 gxf6 18. Ne2 Qxa4 19. Bc4 Rc8 20. Qd3 Rc5 21. Ng3
Qc6 22. Bd5 Qb6 23. Qb3 Bxd5 24. exd5 Rc3 25. Qa4+ Kd8 26. Kb1 Kc7 27. Ne4 Ra3
28. Qc6+ Qxc6 29. dxc6 Kxc6 30. g5 fxg5 31. f6 Bf8 32. Nxg5 Rg8 33. Nxf7 Rxg1
34. Rxg1 1/2-1/2

[Event "SK Gries-SK Ehrenburg"]
[Site "?"]
[Date "2013.10.26"]
[Round "1.4"]
[White "Paulmichl, Martin"]
[Black "Mairhofer, Lino"]
[Result "0-1"]
[WhiteElo "1933"]
[BlackElo "1705"]
[PlyCount "64"]
[EventDate "2013.??.??"]

1. d4 Nf6 2. Bg5 e6 3. e4 Be7 4. Nd2 d5 5. e5 Nfd7 6. Bxe7 Qxe7 7. c3 c5 8. a3
Nc6 9. Ndf3 cxd4 10. cxd4 f6 11. Bb5 fxe5 12. dxe5 O-O 13. Bxc6 bxc6 14. Qa4
Bb7 15. Ne2 c5 16. Qg4 d4 17. Ng5 Nxe5 18. Qxe6+ Qxe6 19. Nxe6 Bxg2 20. Nxf8
Bxh1 21. f4 Rxf8 22. fxe5 Re8 23. Kd2 Bc6 24. Rc1 Rxe5 25. b4 Bb5 26. Nf4 c4
27. Rg1 c3+ 28. Kc2 Re3 29. Rg5 Ba4+ 30. Kb1 c2+ 31. Kb2 Re1 32. Nd3 Rb1+ 0-1

[Event "SK Gries-SK Ehrenburg"]
[Site "?"]
[Date "2013.10.26"]
[Round "1.6"]
[White "Spornberger, Peter"]
[Black "Mitterhofer, Martin"]
[Result "0-1"]
[WhiteElo "1628"]
[BlackElo "1528"]
[PlyCount "52"]
[EventDate "2013.??.??"]

1. e4 d6 2. d4 Nf6 3. Nc3 e6 4. Nf3 Be7 5. Be3 b6 6. Bb5+ Bd7 7. Be2 Bc6 8. d5
exd5 9. exd5 Bb7 10. O-O O-O 11. h3 Nbd7 12. Re1 Re8 13. Bc4 h6 14. Qd2 Bf8 15.
Re2 Ne5 16. Nxe5 Rxe5 17. Rae1 Ne4 18. Nxe4 Rxe4 19. Qd3 Re5 20. Bd4 Rxe2 21.
Rxe2 Qd7 22. Qc3 c6 23. dxc6 Qxc6 24. Qf3 Qxc4 25. Qxb7 Qxe2 26. Qxa8 Qd1+ 0-1

[Event "SK Ehrenburg II-SK Steinegg Raiffeisen"]
[Site "?"]
[Date "2013.10.26"]
[Round "1.1"]
[White "Engl, Stefan"]
[Black "Messner, Alex"]
[Result "1-0"]
[WhiteElo "1838"]
[BlackElo "1619"]
[PlyCount "51"]
[EventDate "2013.??.??"]

1. e4 c5 2. d4 cxd4 3. c3 d6 4. cxd4 Nf6 5. Nc3 a6 6. Nf3 Nbd7 7. e5 dxe5 8.
dxe5 Ng4 9. e6 fxe6 10. Ng5 Ngf6 11. Nxe6 Qb6 12. Qb3 Qxb3 13. axb3 Kf7 14. Bc4
Kg6 15. Ra5 h6 16. Nf4+ Kh7 17. Bd3+ Kg8 18. Ng6 b6 19. Ra1 Nc5 20. Bc4+ Kh7
21. Nxh8 Kxh8 22. Be3 e5 23. b4 Nce4 24. Nxe4 Nxe4 25. Bd5 Bxb4+ 26. Ke2 1-0

[Event "SK Ehrenburg II-SK Steinegg Raiffeisen"]
[Site "?"]
[Date "2013.10.26"]
[Round "1.2"]
[White "Craffonara, Peter"]
[Black "Lantschner, Carmen"]
[Result "0-1"]
[WhiteElo "1368"]
[BlackElo "1690"]
[PlyCount "62"]
[EventDate "2013.??.??"]

1. g3 g6 2. Bg2 Bg7 3. Nf3 d6 4. d4 Nd7 5. c3 Ngf6 6. Nbd2 c5 7. dxc5 Nxc5 8.
Nb3 O-O 9. O-O Qc7 10. Nxc5 Qxc5 11. Nd4 a6 12. Nb3 Qc7 13. Bg5 h6 14. Be3 Bd7
15. a3 Bc6 16. Bxc6 bxc6 17. Nd2 c5 18. Nf3 a5 19. Qc1 Kh7 20. Rd1 Rfc8 21. Qc2
Rab8 22. Rab1 Qc6 23. Qd2 Rd8 24. c4 Ne4 25. Qc2 Rd7 26. Nd2 Nf6 27. Nf3 Rdb7
28. b3 Qe4 29. Qa2 Ng4 30. Bd2 Qxe2 31. Rf1 Qxf3 0-1

[Event "SK Ehrenburg II-SK Steinegg Raiffeisen"]
[Site "?"]
[Date "2013.10.26"]
[Round "1.3"]
[White "Engl, Alexander"]
[Black "Zambelli, Walter"]
[Result "1-0"]
[WhiteElo "1613"]
[BlackElo "1381"]
[PlyCount "55"]
[EventDate "2013.??.??"]

1. e4 c6 2. d4 d5 3. exd5 cxd5 4. Bd3 Nf6 5. Nf3 Bg4 6. O-O e6 7. c3 Bd6 8. Bg5
h6 9. Bh4 Nbd7 10. Nbd2 Qc7 11. Qc2 a6 12. Bg3 O-O 13. Bxd6 Qxd6 14. h3 Bh5 15.
Rae1 Rfe8 16. Ne5 Qe7 17. f4 Nxe5 18. fxe5 Nd7 19. g4 Qg5 20. Nf3 Qf4 21. gxh5
Qg3+ 22. Qg2 Qxg2+ 23. Kxg2 f6 24. exf6 Nxf6 25. Bg6 Re7 26. Re2 Rc8 27. Rfe1
Rc6 28. Nh4 1-0

[Event "SK Ehrenburg II-SK Steinegg Raiffeisen"]
[Site "?"]
[Date "2013.10.26"]
[Round "1.5"]
[White "Mair, Stephan"]
[Black "Harrasser, Jakob"]
[Result "1-0"]
[WhiteElo "1451"]
[BlackElo "1448"]
[PlyCount "123"]
[EventDate "2013.??.??"]

1. d4 d5 2. Bf4 g6 3. e3 Bg7 4. Nf3 Nf6 5. Nbd2 O-O 6. Bd3 Nbd7 7. O-O Re8 8.
c4 c6 9. Rc1 Nf8 10. Qb3 Ne6 11. Bg3 b6 12. Ne5 Bb7 13. a3 Rc8 14. Qa2 c5 15.
dxc5 Nxc5 16. Be2 e6 17. Rfd1 Nfe4 18. Nxe4 Nxe4 19. Nf3 Nxg3 20. hxg3 Qf6 21.
Nd4 Qe5 22. b3 Red8 23. Rd2 a6 24. Rcd1 h6 25. a4 Qd6 26. Bg4 Qe7 27. Ne2 h5
28. Bf3 Rb8 29. Nf4 Bf6 30. cxd5 Rd6 31. dxe6 Rxd2 32. exf7+ Kxf7 33. Qxd2 Bxf3
34. gxf3 Rd8 35. Qxd8 Qxd8 36. Rxd8 Bxd8 37. Kf1 b5 38. axb5 axb5 39. Ke2 Ba5
40. e4 Bc3 41. Nd5 Be5 42. Kd3 g5 43. f4 gxf4 44. gxf4 Bb8 45. Ke3 Ba7+ 46. Kf3
Bb8 47. Kg3 Bd6 48. Kh4 Kg6 49. f5+ Kh6 50. f4 Bc5 51. e5 Bf2+ 52. Kh3 Bc5 53.
e6 Kg7 54. b4 Bd6 55. Kh4 Bb8 56. Kxh5 Bd6 57. f6+ Kf8 58. Kg6 Ke8 59. f7+ Kf8
60. e7+ Bxe7 61. Nxe7 Kxe7 62. Kg7 1-0

[Event "SK Ehrenburg II-SK Steinegg Raiffeisen"]
[Site "?"]
[Date "2013.10.26"]
[Round "1.4"]
[White "Ploner, Heinz"]
[Black "Lantschner, Alexander"]
[Result "1-0"]
[WhiteElo "1453"]
[BlackElo "1430"]
[PlyCount "53"]
[EventDate "2013.??.??"]

1. d4 d5 2. Nf3 Bf5 3. Bf4 e6 4. e3 Nf6 5. Nbd2 Bd6 6. Bg3 a6 7. Ne5 Bxe5 8.
Bxe5 Nc6 9. c3 Nxe5 10. dxe5 Nd7 11. f4 O-O 12. Nf3 f6 13. Bd3 Bg4 14. Qc2 h6
15. O-O-O fxe5 16. fxe5 Bxf3 17. gxf3 Rxf3 18. Rhg1 Rf7 19. Bg6 Re7 20. Rdf1
Nxe5 21. Bh5 Qd6 22. Rg3 Nf7 23. Rxg7+ Kxg7 24. Qg6+ Kf8 25. Rxf7+ Ke8 26.
Rxe7+ Kxe7 27. Qf7+ 1-0

[Event "CSK Merania-SC Naturns Jambo III"]
[Site "?"]
[Date "2013.10.26"]
[Round "1.1"]
[White "Nischler, Herman"]
[Black "Bonagura, Stefano"]
[Result "0-1"]
[WhiteElo "1438"]
[BlackElo "2181"]
[PlyCount "82"]
[EventDate "2013.??.??"]

1. d4 d5 2. Nf3 Nf6 3. Bg5 e6 4. e3 c6 5. Bd3 Nbd7 6. O-O Qb6 7. b3 a5 8. a4
Be7 9. Bf4 O-O 10. h3 h6 11. Ne5 c5 12. Bb5 Rd8 13. c4 cxd4 14. exd4 Nxe5 15.
c5 Qa7 16. Bxe5 Bd7 17. Qe2 Rac8 18. Nd2 b6 19. cxb6 Qxb6 20. Rac1 Bxb5 21.
Qxb5 Qa7 22. Rc6 Rxc6 23. Qxc6 Bb4 24. Nf3 Qd7 25. Rc1 Qxc6 26. Rxc6 Ne4 27.
Bf4 g5 28. Be3 Rb8 29. Ne5 Rb7 30. Ra6 Bc3 31. Nc6 Rxb3 32. Nxa5 Rb1+ 33. Kh2
Be1 34. Nc6 Nxf2 35. Bxf2 Bxf2 36. Ra8+ Kg7 37. a5 Rc1 38. Ra6 h5 39. g3 Rc2
40. Kg2 Bxd4+ 41. Kf3 Rf2# 0-1

[Event "CSK Merania-SC Naturns Jambo III"]
[Site "?"]
[Date "2013.10.26"]
[Round "1.2"]
[White "Kaserer, Hanspeter"]
[Black "Gurschler, Markus"]
[Result "1-0"]
[WhiteElo "1711"]
[BlackElo "1575"]
[PlyCount "101"]
[EventDate "2013.??.??"]

1. d4 g6 2. c4 Bg7 3. Nc3 Nf6 4. e4 d6 5. Be2 O-O 6. Bg5 c6 7. Qd2 Qc7 8. Nf3
Bg4 9. O-O Nbd7 10. h3 Bxf3 11. Bxf3 e5 12. d5 cxd5 13. cxd5 a6 14. Na4 b5 15.
Rac1 Qb7 16. Qb4 a5 17. Qb3 Rfc8 18. Be3 Rab8 19. Rxc8+ Qxc8 20. Rc1 Qb7 21.
Nc3 Nc5 22. Qc2 Qd7 23. Ne2 Rc8 24. b3 Rc7 25. Qc3 b4 26. Qc4 Qd8 27. Ng3 Qb8
28. Be2 h5 29. f3 Ne8 30. Qc2 Na4 31. Bc4 Nc5 32. Qe2 Kh7 33. Bb5 Bh6 34. Bxh6
Kxh6 35. Bc6 Nf6 36. Nf1 Kg7 37. Nd2 Qb6 38. Nc4 Qa7 39. Kh1 Nb7 40. Qd2 Qa6
41. Bxb7 Rxb7 42. Ne3 Ne8 43. Rc8 Re7 44. Rc6 Qb5 45. Nc4 Rd7 46. Qf2 a4 47.
Rb6 Qc5 48. Qxc5 dxc5 49. Ra6 axb3 50. axb3 Nc7 51. Ra7 1-0

[Event "CSK Merania-SC Naturns Jambo III"]
[Site "?"]
[Date "2013.10.26"]
[Round "1.4"]
[White "Tappeiner, Michael"]
[Black "Christanell, Andre"]
[Result "1-0"]
[WhiteElo "1761"]
[BlackElo "1513"]
[PlyCount "111"]
[EventDate "2013.??.??"]

1. c4 c5 2. g3 Nc6 3. Bg2 Nf6 4. Nc3 e6 5. e4 Be7 6. Nge2 O-O 7. O-O Rb8 8. f4
d6 9. d3 Qc7 10. Bd2 a6 11. a4 b6 12. h3 Bb7 13. g4 Nd4 14. Nxd4 cxd4 15. Ne2
e5 16. f5 h6 17. Ng3 Nh7 18. Nh5 Bg5 19. Bxg5 hxg5 20. f6 g6 21. Ng3 Qd8 22.
Qd2 Re8 23. Rf2 Re6 24. Raf1 Rxf6 25. Rxf6 Nxf6 26. Qxg5 Nh7 27. Qc1 Kg7 28.
Qe1 Ng5 29. Qf2 Qe7 30. Ne2 Rf8 31. h4 Ne6 32. g5 Nc5 33. Qg3 Nxa4 34. b4 b5
35. cxb5 axb5 36. Rf6 Nb6 37. Bh3 Bc8 38. h5 Bxh3 39. Qxh3 Nd7 40. hxg6 Rh8 41.
Rxf7+ Qxf7 42. Qxh8+ Kxh8 43. gxf7 Kg7 44. Ng3 Kxf7 45. Nf5 Ke6 46. Ng7+ Kf7
47. Nf5 Ke6 48. Kf2 d5 49. Kf3 dxe4+ 50. Kxe4 Nf8 51. Nh4 Kd6 52. g6 Nd7 53.
Kf5 Ke7 54. Nf3 Nb8 55. Nxe5 Na6 56. g7 1-0

[Event "CSK Merania-SC Naturns Jambo III"]
[Site "?"]
[Date "2013.10.26"]
[Round "1.3"]
[White "Christanell, Anton"]
[Black "Torggler, Martin"]
[Result "0-1"]
[WhiteElo "1587"]
[BlackElo "1771"]
[PlyCount "124"]
[EventDate "2013.??.??"]

1. d4 f5 2. Nf3 Nf6 3. e3 e6 4. Bd3 b6 5. O-O Bb7 6. Nbd2 d5 7. b3 Bd6 8. Bb2
O-O 9. Ne5 Ne4 10. Nxe4 fxe4 11. Be2 Qg5 12. Qd2 c5 13. f4 exf3 14. Rxf3 Nc6
15. Raf1 Nxe5 16. dxe5 Bxe5 17. Bxe5 Qxe5 18. Rxf8+ Rxf8 19. Rxf8+ Kxf8 20. Bd3
h6 21. c3 Ke7 22. h3 d4 23. cxd4 Qd5 24. Bc4 Qd6 25. Qc3 Qg3 26. Qd2 cxd4 27.
exd4 Qd6 28. Qe3 Bd5 29. Qe5 Qxe5 30. dxe5 Kf7 31. Kf2 Kg6 32. Bd3+ Kg5 33. g3
h5 34. Bc4 Kf5 35. Bd3+ Be4 36. Bb5 Kxe5 37. Be8 Bb1 38. a3 Bc2 39. Bxh5 Bxb3
40. Ke3 Bc2 41. Be2 Bf5 42. g4 Bc2 43. h4 Be4 44. h5 Bc6 45. Bd3 Be8 46. Be2 b5
47. g5 a6 48. h6 gxh6 49. gxh6 Bg6 50. Bd3 Bxd3 51. Kxd3 Kf6 52. Ke4 a5 53. h7
Kg7 54. Ke5 b4 55. axb4 axb4 56. Kd4 Kxh7 57. Kc4 Kg6 58. Kxb4 Kf5 59. Kc3 Ke4
60. Kd2 Kf3 61. Ke1 Ke3 62. Kf1 e5 0-1

[Event "CSK Merania-SC Naturns Jambo III"]
[Site "?"]
[Date "2013.10.26"]
[Round "1.5"]
[White "Illmer, Markus"]
[Black "Hellweger, Stefan"]
[Result "1-0"]
[WhiteElo "1524"]
[BlackElo "1540"]
[PlyCount "133"]
[EventDate "2013.??.??"]

1. d4 d5 2. Nf3 Nc6 3. Bg5 Nf6 4. Nbd2 Bg4 5. e3 e6 6. c3 Be7 7. Bb5 a6 8.
Bxc6+ bxc6 9. Qa4 Qd6 10. Bf4 Qd8 11. Qxc6+ Nd7 12. Ne5 Bf5 13. Nxd7 Qxd7 14.
Qxa8+ Bd8 15. Qxa6 O-O 16. O-O g5 17. Bg3 h5 18. h3 h4 19. Bh2 g4 20. hxg4 Bxg4
21. f3 Bf5 22. e4 Bg6 23. Qb7 Qe7 24. exd5 exd5 25. Qxd5 Qe3+ 26. Rf2 h3 27.
Nc4 Qh6 28. Ne5 Bh4 29. g3 Rd8 30. Ng4 Qg7 31. Qe5 f6 32. Qb5 Bg5 33. f4 Bh6
34. Re1 Bf7 35. Nxh6+ Qxh6 36. a4 Qg6 37. a5 Be8 38. Qc4+ Bf7 39. Qxc7 Ra8 40.
b4 Qd3 41. Qc6 Ra6 42. Qc8+ Kg7 43. Qg4+ Kf8 44. Rf3 Qd2 45. Qxh3 Qxe1+ 46. Qf1
Qe4 47. Qxa6 Qxf3 48. Qxf6 Qxc3 49. Qd6+ Kg7 50. Qe5+ Kg8 51. Qg5+ Kf8 52. Qc5+
Qxc5 53. dxc5 Ke7 54. Kf2 Bc4 55. Ke3 Ke6 56. Kd4 Bb5 57. c6 Bxc6 58. Kc5 Bg2
59. b5 Kd7 60. Kb6 Kc8 61. a6 Kb8 62. f5 Ka8 63. f6 Bd5 64. Bg1 Bf7 65. Kc7 Be6
66. b6 Bc8 67. b7+ 1-0

[Event "Brixen/Milland-J. Richter/Lask BZ"]
[Site "?"]
[Date "2013.10.26"]
[Round "1.1"]
[White "Moncher, Stefano"]
[Black "Sader, Michael"]
[Result "0-1"]
[WhiteElo "2178"]
[BlackElo "2179"]
[PlyCount "78"]
[EventDate "2013.??.??"]

1. e4 d6 2. d4 Nf6 3. Nc3 g6 4. g3 Bg7 5. Bg2 O-O 6. Nge2 Nbd7 7. O-O e5 8. h3
c6 9. Be3 b5 10. d5 Qc7 11. dxc6 Qxc6 12. g4 b4 13. g5 bxc3 14. gxf6 Nxf6 15.
Nxc3 Be6 16. Qd2 Rab8 17. Rab1 Rb7 18. Rfd1 Rd8 19. Nd5 Bxd5 20. exd5 Qc7 21.
b3 Nd7 22. c4 f5 23. Qe2 Rdb8 24. Bd2 e4 25. f3 exf3 26. Qxf3 Ne5 27. Qf1 Qc5+
28. Kh1 Qa3 29. Rbc1 Qxa2 30. b4 a5 31. c5 axb4 32. c6 Rc7 33. Rb1 Nc4 34. Qe1
b3 35. Bb4 Be5 36. Rdc1 b2 37. Rxc4 Qxc4 38. Bxd6 Bxd6 39. Qe6+ Rf7 0-1

[Event "Brixen/Milland-J. Richter/Lask BZ"]
[Site "?"]
[Date "2013.10.26"]
[Round "1.2"]
[White "Brenninger, Daniel"]
[Black "Billio, Atto"]
[Result "1-0"]
[WhiteElo "2072"]
[BlackElo "1993"]
[PlyCount "77"]
[EventDate "2013.??.??"]

1. d4 e6 2. c4 f5 3. Nc3 Nf6 4. Nf3 d5 5. cxd5 exd5 6. Bg5 c6 7. e3 Be7 8. Bd3
Ne4 9. Bxe7 Qxe7 10. Ne5 O-O 11. O-O Nd7 12. f4 Nxe5 13. fxe5 Be6 14. Bxe4 fxe4
15. Qe2 Qg5 16. Rxf8+ Rxf8 17. Rf1 Rxf1+ 18. Kxf1 b6 19. b4 h6 20. h3 Kh7 21.
a3 Qe7 22. Qd2 Bc8 23. Kg1 Ba6 24. Nd1 Bc4 25. Nb2 b5 26. Nd1 Kg8 27. Qf2 a5
28. Qd2 axb4 29. Qxb4 Qxb4 30. axb4 Kf7 31. Kf2 Ke6 32. Ke1 Kf5 33. Nf2 Ke6 34.
h4 g5 35. h5 c5 36. dxc5 Kxe5 37. Ng4+ Ke6 38. Nxh6 Kf6 39. g4 1-0

[Event "Brixen/Milland-J. Richter/Lask BZ"]
[Site "?"]
[Date "2013.10.26"]
[Round "1.3"]
[White "Bevilacqua, Maurizio"]
[Black "Kofler, Thomas"]
[Result "1-0"]
[WhiteElo "1979"]
[BlackElo "1940"]
[PlyCount "109"]
[EventDate "2013.??.??"]

1. Nf3 g6 2. d4 Bg7 3. e4 c5 4. c3 cxd4 5. cxd4 d5 6. exd5 Qxd5 7. Nc3 Qd8 8.
Bc4 Nf6 9. h3 O-O 10. O-O Nbd7 11. Bf4 Nb6 12. Bb3 Nbd5 13. Be5 b6 14. Rc1 Bb7
15. Re1 Nxc3 16. bxc3 Rc8 17. Qd3 e6 18. c4 Qd7 19. Rcd1 Rfd8 20. Qe3 b5 21.
cxb5 Qxb5 22. Qf4 Nh5 23. Qg4 Nf6 24. Bxf6 Bxf6 25. Rxe6 fxe6 26. Qxe6+ Kg7 27.
Qf7+ Kh6 28. Qxf6 Bxf3 29. Qxf3 Rf8 30. Qe3+ Qg5 31. Rd3 Rc1+ 32. Kh2 Qxe3 33.
fxe3 Re1 34. Kg3 Kg7 35. Bd5 h5 36. Bf3 Kf6 37. Ra3 Rf7 38. Ra6+ Kg7 39. e4 Rd7
40. d5 Rb1 41. e5 Rb6 42. Ra5 Re7 43. d6 Rd7 44. Rc5 Rb4 45. Bd5 Rd8 46. Rc7+
Kh6 47. Re7 Kg5 48. Kf3 Kf5 49. d7 Rd4 50. g4+ hxg4+ 51. hxg4+ Kg5 52. Bc6 Rb4
53. Re8 Rbb8 54. Ke4 Kxg4 55. e6 1-0

[Event "Brixen/Milland-J. Richter/Lask BZ"]
[Site "?"]
[Date "2013.10.26"]
[Round "1.4"]
[White "Kofler, Oswald"]
[Black "De Vita, Gianni"]
[Result "0-1"]
[WhiteElo "1828"]
[BlackElo "1925"]
[PlyCount "97"]
[EventDate "2013.??.??"]

1. d4 d5 2. c4 c6 3. Nc3 Nf6 4. Bg5 e6 5. e3 h6 6. Bh4 Nbd7 7. Nf3 Bd6 8. cxd5
exd5 9. Bd3 O-O 10. O-O Re8 11. Ne2 Nf8 12. h3 g5 13. Bg3 g4 14. hxg4 Nxg4 15.
Nf4 Nh7 16. Qc2 Nhf6 17. Bf5 Ne4 18. Bh4 Qc7 19. Bxe4 dxe4 20. Nd2 Bxf4 21.
exf4 f5 22. g3 Be6 23. Nc4 b5 24. Ne3 Nxe3 25. fxe3 Kh7 26. Rfc1 Bd5 27. Qe2
Qf7 28. b3 a5 29. Kg2 a4 30. b4 Rg8 31. Rh1 Rg6 32. Bg5 Kg7 33. Bh4 Bc4 34. Qd2
Qd5 35. a3 Rg8 36. Rh3 Kf7 37. Rah1 Bd3 38. Rc1 Bc4 39. Rc3 Rg4 40. Qf2 Qd6 41.
Rh1 Ke8 42. Kh3 Qg6 43. Rhc1 Bd5 44. Rc5 Qh5 45. Kh2 Rxg3 46. Qxg3 Rxg3 47.
Kxg3 Qg4+ 48. Kf2 Qxh4+ 49. Ke2 0-1

[Event "Brixen/Milland-J. Richter/Lask BZ"]
[Site "?"]
[Date "2013.10.26"]
[Round "1.5"]
[White "Kowalczyk, Martin"]
[Black "Wisthaler, Lukas"]
[Result "0-1"]
[WhiteElo "1840"]
[BlackElo "1816"]
[PlyCount "40"]
[EventDate "2013.??.??"]

1. e4 c5 2. Nf3 e6 3. b3 a6 4. Bb2 d5 5. exd5 exd5 6. Be2 Nf6 7. O-O Be7 8. d4
O-O 9. dxc5 Bxc5 10. Nc3 Nc6 11. Bd3 Bg4 12. h3 Bh5 13. g4 Bg6 14. Ne2 Re8 15.
Nf4 Qd6 16. Qc1 Be4 17. Bxe4 Rxe4 18. Ng2 Qg3 19. Nfe1 Nxg4 20. hxg4 Rxg4 0-1

[Event "Brixen/Milland-J. Richter/Lask BZ"]
[Site "?"]
[Date "2013.10.26"]
[Round "1.6"]
[White "Hellweg, Stephan"]
[Black "Rigo, Gianfranco"]
[Result "1-0"]
[WhiteElo "1672"]
[BlackElo "1899"]
[PlyCount "52"]
[EventDate "2013.??.??"]

1. e4 c5 2. Nf3 g6 3. d4 cxd4 4. Nxd4 Nc6 5. Be3 Nf6 6. Nd2 Bg7 7. c3 d6 8. Be2
O-O 9. O-O Ne5 10. f3 Bd7 11. Nc4 Nxc4 12. Bxc4 Qa5 13. Bb3 Rac8 14. Qd2 Rfd8
15. Qf2 e5 16. Ne2 Bb5 17. Rfd1 d5 18. Ng3 Bc4 19. Kh1 Bf8 20. exd5 Nxd5 21.
Ne4 Bxb3 22. axb3 Nxe3 23. Qxe3 Qa6 24. h3 Qc6 25. b4 a6 26. Rd2 Rd5 1-0

[Event "Groeden II-SC Lana"]
[Site "?"]
[Date "2013.10.26"]
[Round "1.2"]
[White "Taschler, Manuel"]
[Black "Pichler, Norbert"]
[Result "0-1"]
[WhiteElo "1580"]
[BlackElo "1627"]
[PlyCount "98"]
[EventDate "2013.??.??"]

1. d4 c5 2. d5 d6 3. c4 e5 4. e4 f5 5. Bd3 fxe4 6. Bxe4 Nf6 7. Bg5 Nbd7 8. Nc3
Be7 9. Bf5 Nb6 10. Qc2 Bxf5 11. Qxf5 Nxc4 12. Qd3 Nb6 13. Bxf6 Bxf6 14. Qb5+
Qd7 15. Nge2 Qxb5 16. Nxb5 Kd7 17. O-O-O Bg5+ 18. Kb1 Rhf8 19. Ng3 a6 20. Nxd6
Kxd6 21. Ne4+ Ke7 22. Nxg5 Rxf2 23. d6+ Ke8 24. Ne6 Rc8 25. g4 g6 26. Ng5 h6
27. Ne4 Rf4 28. Rhe1 Kd7 29. g5 hxg5 30. Nxg5 Rf5 31. Ne4 Kc6 32. Rc1 Nd7 33.
Nxc5 Nxc5 34. Rxc5+ Kxc5 35. Rc1+ Kxd6 36. Rxc8 Rf1+ 37. Kc2 Rf2+ 38. Kc3 Rxh2
39. Rg8 Rg2 40. Rb8 Kc6 41. Re8 Kd5 42. Rd8+ Ke4 43. Rb8 b5 44. Ra8 Ke3 45.
Rxa6 e4 46. Rb6 Kf2 47. Rxb5 e3 48. Re5 e2 49. Kd2 Kf1 0-1

[Event "Groeden II-SC Lana"]
[Site "?"]
[Date "2013.10.26"]
[Round "1.5"]
[White "Angler, Wolfgang"]
[Black "Knottner, Klaus"]
[Result "0-1"]
[WhiteElo "1374"]
[BlackElo "1614"]
[PlyCount "106"]
[EventDate "2013.??.??"]

1. e4 e5 2. d3 Nc6 3. Nc3 Nf6 4. Bg5 Be7 5. Bxf6 Bxf6 6. Nf3 d6 7. Be2 Ne7 8.
O-O c6 9. b4 O-O 10. Qd2 Qc7 11. a3 Ng6 12. Rab1 a6 13. a4 b5 14. a5 Nf4 15. g3
Nh3+ 16. Kg2 h6 17. Nd1 Be6 18. c3 Qd7 19. Ne3 Rad8 20. d4 exd4 21. Nxd4 Ng5
22. Rfd1 Bh3+ 23. Kg1 Nxe4 24. Qe1 Be6 25. Bf3 Bxd4 26. Rxd4 Ng5 27. Qe2 Rfe8
28. Bg2 Bh3 29. Rh4 Bxg2 30. Kxg2 Re7 31. Qd3 d5 32. Nf5 Re4 33. Rxe4 Nxe4 34.
Nd4 Nd6 35. Re1 Re8 36. Rxe8+ Qxe8 37. Nf5 Nxf5 38. Qxf5 Qe4+ 39. Qxe4 dxe4 40.
f3 exf3+ 41. Kxf3 Kf8 42. Ke4 Ke7 43. h4 Ke6 44. g4 g6 45. h5 gxh5 46. gxh5 f5+
47. Kf4 Kf6 48. Ke3 Ke5 49. Kf3 f4 50. Ke2 Ke4 51. Kf2 f3 52. Ke1 Ke3 53. Kf1
f2 0-1

[Event "Groeden II-SC Lana"]
[Site "?"]
[Date "2013.10.26"]
[Round "1.1"]
[White "Hoelzl, Matthias"]
[Black "Kazazi, Rifat"]
[Result "1-0"]
[WhiteElo "1738"]
[BlackElo "1699"]
[PlyCount "122"]
[EventDate "2013.??.??"]

1. e4 e6 2. d4 d5 3. exd5 exd5 4. Bd3 Nf6 5. h3 h6 6. Bf4 Bd6 7. Ne2 O-O 8. O-O
Re8 9. Bxd6 Qxd6 10. Nd2 b6 11. Ng3 c5 12. c3 Nc6 13. Nf3 c4 14. Bc2 b5 15. Nh4
Bd7 16. Qf3 Ne7 17. Rfe1 Rf8 18. Re2 Kh8 19. Rae1 Rae8 20. Nhf5 Nxf5 21. Nxf5
Qb8 22. Nxh6 Rxe2 23. Rxe2 Qd6 24. Ng4 Bxg4 25. hxg4 g6 26. g5 Nh5 27. Re5 Kg7
28. g4 f6 29. Rxd5 Qf4 30. Rd7+ Kh8 31. Qxf4 Nxf4 32. gxf6 Rxf6 33. Rxa7 Nh3+
34. Kg2 Nxf2 35. g5 Rf4 36. Bxg6 Nd1 37. Bh5 Ne3+ 38. Kg3 Rf5 39. Be2 Nc2 40.
Bg4 Rxg5 41. Kf4 Rg7 42. Ra8+ Rg8 43. Rxg8+ Kxg8 44. Bd7 Kg7 45. Bc8 b4 46. Ba6
bxc3 47. bxc3 Kf8 48. Bxc4 Ke7 49. Kf5 Kd7 50. Bb3 Ne1 51. c4 Nd3 52. Ke4 Nb4
53. Ke5 Nd3+ 54. Kd5 Nb4+ 55. Kc5 Nd3+ 56. Kb6 Kd8 57. c5 Nf4 58. d5 Ng6 59. c6
Ne5 60. d6 Ke8 61. c7 Kd7 1-0

[Event "Groeden II-SC Lana"]
[Site "?"]
[Date "2013.10.26"]
[Round "1.4"]
[White "Moroder, Richard"]
[Black "Menghin, Karl"]
[Result "1/2-1/2"]
[WhiteElo "1405"]
[BlackElo "1459"]
[PlyCount "50"]
[EventDate "2013.??.??"]

1. e4 d5 2. exd5 Qxd5 3. Nc3 Qa5 4. d3 Nf6 5. Be2 c6 6. Bd2 Qb6 7. Rb1 e6 8.
Be3 Qd8 9. Nf3 Bb4 10. O-O O-O 11. a3 Be7 12. h3 Nd5 13. Nxd5 Qxd5 14. c4 Qd8
15. b4 b6 16. Qc2 Nd7 17. Rfd1 Bb7 18. d4 Nf6 19. Ne5 Qc8 20. Bf3 Qc7 21. Bf4
Qc8 22. Rd2 Rd8 23. Rbd1 Nd7 24. Nxd7 Rxd7 25. Bg4 Qf8 1/2-1/2

[Event "Groeden II-SC Lana"]
[Site "?"]
[Date "2013.10.26"]
[Round "1.3"]
[White "Del Rosso, Peter"]
[Black "Goller, Bruno"]
[Result "0-1"]
[WhiteElo "1454"]
[BlackElo "1592"]
[PlyCount "62"]
[EventDate "2013.??.??"]

{460MB, Rybka4Gen.ctg, PC-Manuel} 1. b4 {[%emt 0:00:00]} 1... c5 2. bxc5 e5 3.
Bb2 Nc6 4. Nf3 e4 5. Nd4 Bxc5 6. Nxc6 Qb6 7. Bd4 dxc6 8. Bxc5 Qxc5 9. Nc3 Nf6
10. e3 O-O 11. Be2 Qg5 12. Bf1 Rd8 13. Qe2 Be6 14. h3 Qc5 15. g4 h6 16. Rb1 b5
17. Rc1 Qa3 18. Ra1 b4 19. Nd1 Qa4 20. c4 Qa3 21. Bg2 b3 22. Nc3 Qb2 23. O-O
Rxd2 24. Qxd2 Qxd2 25. Nxe4 Nxe4 26. axb3 f5 27. Ra6 Qd7 28. Rfa1 g6 29. R1a5
Qd2 30. Ra2 Qc3 31. R6a3 a5 0-1

[Event "SC Taufers-SG Kaltern/Tramin"]
[Site "?"]
[Date "2013.10.26"]
[Round "1.1"]
[White "Bertagnolli, Alexander"]
[Black "Forer, Erich"]
[Result "1-0"]
[WhiteElo "2293"]
[BlackElo "1838"]
[PlyCount "35"]
[EventDate "2013.??.??"]

1. d4 Nf6 2. Bg5 d6 3. Nc3 Bf5 4. Bxf6 gxf6 5. e4 Be6 6. f4 c6 7. Qh5 Qb6 8.
O-O-O h6 9. Nf3 Rg8 10. f5 Bd7 11. Bc4 Rg7 12. e5 fxe5 13. dxe5 dxe5 14. Rhe1
Qb4 15. Nxe5 b5 16. f6 Rh7 17. Bxf7+ Kd8 18. Rxd7+ 1-0

[Event "SC Taufers-SG Kaltern/Tramin"]
[Site "?"]
[Date "2013.10.26"]
[Round "1.2"]
[White "Holzer, Phillipp"]
[Black "Paltrinieri, Nicholas"]
[Result "0-1"]
[WhiteElo "1831"]
[BlackElo "2155"]
[PlyCount "30"]
[EventDate "2013.??.??"]

1. e4 e6 2. d4 d5 3. Nd2 Nf6 4. e5 Nfd7 5. Bd3 c5 6. c3 Nc6 7. Ngf3 cxd4 8.
cxd4 f6 9. exf6 Nxf6 10. O-O Bd6 11. Nb3 O-O 12. Bg5 Qc7 13. Bh4 Nh5 14. Ng5 g6
15. Nxh7 Qxh7 0-1